Introduction to Mass Communication: Media Literacy And Culture, (Record no. 5167)

MARC details
005 - DATE AND TIME OF LATEST TRANSACTION
control field 20250626053557.0
020 ## - INTERNATIONAL STANDARD BOOK NUMBER
International Standard Book Number 0-07-320941-4
082 ## - DEWEY DECIMAL CLASSIFICATION NUMBER
Classification number 302.23 BAR
100 ## - MAIN ENTRY--PERSONAL NAME
Author name BARAN, S. J
245 ## - TITLE STATEMENT
Title Introduction to Mass Communication: Media Literacy And Culture,
250 ## - EDITION STATEMENT
Edition statement 4th Ed.
260 ## - PUBLICATION, DISTRIBUTION, ETC.
Place of publication, distribution, etc. New York,
Name of publisher, distributor, etc. McGraw-Hill Irwin,
Date of publication, distribution, etc. 2006.
300 ## - PHYSICAL DESCRIPTION
Extent xxxvi.; 523p.; picture,
Other physical details Glossary, References & Index,
Dimensions 28cm.
942 ## - ADDED ENTRY ELEMENTS (KOHA)
Source of classification or shelving scheme Dewey Decimal Classification
Koha item type Books
Holdings
Date last seen Total checkouts Full call number Barcode Cost, replacement price Price effective from Koha item type Lost status Source of classification or shelving scheme Damaged status Not for loan Withdrawn status Home library Current library Shelving location Date acquired Cost, normal purchase price
06/26/2025   302.23BAR DOM0002834 105000.00 06/26/2025 Books   Dewey Decimal Classification       CBE Dodoma CBE Dodoma General Collection 06/26/2001 35000.00